Nennen Sie die ersten 30 Primzahlen – die letzte ist 113 - Statistiken

Allgemein
  • Dieses Quiz wurde 117 mal gespielt
  • Das Durchschnittsergebnis liegt bei 30 aus 30
Antwortstatistiken
Antwort % Korrekt
11
100%
13
100%
17
100%
19
100%
2
100%
23
100%
3
100%
5
100%
7
100%
29
99%
31
99%
37
99%
41
99%
43
99%
53
99%
59
99%
61
99%
67
99%
71
99%
73
99%
79
99%
83
99%
47
99%
97
97%
89
96%
103
95%
113
95%
101
94%
107
94%
109
94%
Keine übereinstimmenden Quizze gefunden
Verteilung der Resultate
Anzahl Personen mit jedem Resultat
Perzentil nach korrekt beantworteten Fragen
Ihre Resultats-Entwicklung
Sie haben dieses Quiz noch nicht gespielt